Put Letters Back Into USA Cities - Statistics

General Stats
  • This quiz has been taken 74 times
  • The average score is 17 of 20
Answer Stats
Hint Answer % Correct
San Ose J
97%
Charotte L
95%
Jefferon City S
95%
Los Angels E
92%
Philadelpia H
92%
Norfol K
92%
Annaolis P
92%
Portlan D
90%
Ralegh I
90%
Orland O
90%
Kron A
87%
Albuquerue Q
87%
Monpelier T
87%
Milwakee U
85%
Rookhaven B
83%
Lansin G
82%
Argo F
80%
Reo N
80%
Shreeport V
78%
Taoma C
77%
No matching quizzes found
Score Distribution
Percent of People with Each Score
Percentile by Number Answered
Your Score History
You have not taken this quiz